Statistics for MLB All-Time Leaders by Baseball Reference WAR

Click here to take the quiz!

General Stats

  • This quiz has been taken 204 times
  • The average score is 15 of 20

Answer Stats

WARTeamsYears PlayedPlayer% Correct
182.5BOS,NYY,BSN1914-1935Babe Ruth
100%
162.8PIT, SFG1986-2007Barry Bonds
96%
121.9BOS1939-1960Ted Williams
90%
156.2SFG, NYM1951-1973Willie Mays
90%
117.5SEA, TEX, NYY1994-2016Alex Rodriguez
89%
143.1ATL, MLN, MIL1954-1976Hank Aaron
89%
151.0DET, PHA1905-1928Ty Cobb
86%
114.1NYY1923-1939Lou Gehrig
85%
139.2BOS, TOR, HOU, NYY1984-2007Roger Clemens
85%
128.3STL1941-1963Stan Musial
84%
164.5WSH1907-1927Walter Johnson
82%
163.8CLV, STL, BOS, CLE, BSN1890-1911Cy Young
81%
111.2OAK, NYY, TOR, SDP, ANA, NYM, SEA, BOS, LAD1979-2003Rickey Henderson
81%
130.8LOU, PIT1897-1917Honus Wagner
79%
127.1STL, NYG, BSN, CHC, SLB1915-1937Rogers Hornsby
62%
134.2BOS, CLE, WSH, PHA1907-1928Tris Speaker
55%
110.7NYG1926-1947Mel Ott
51%
119.0PHI, CHC, STL1911-1930Pete Alexander
39%
123.9PHA, CHW1906-1930Eddie Collins
31%
116.3BSN, STL, PHI1890-1906Kid Nichols
13%

Score Distribution

Percentile by Number Answered

Percent of People with Each Score

Your Score History

You have not taken this quiz